000 01460nam a22003257a 4500
005 20161215120411.0
008 161215b xxu||||| |||| 00| 0 spa d
020 _a9789588616858
040 _aCO-BoIAVH
_cCO-BoIAVH
041 _aspa
044 _ack
082 _a641.33851
_bE77l
100 1 _aEspinosa, Juan Carlos
_eautor
245 1 0 _aLineamientos para la adopción estándar de sostenibilidad de la mesa redonda de aceite de palma sostenible -RSPO- en Colombia
_cJuan Carlos Espinosa Camacho [y otros 6]
260 _aBogotá:
_bProyecto GEF :
_bPaisaje palmero biodiverso :
_bFedepalma :
_bCenipalma :
_bWorld Wildlife WWF:
_bInstituto de Investigación de Recursos Biológicos Alexander von Humboldt :
_bEnlaza,
_c2016.
300 _a158 paginas :
_bilustraciones ;
_c24 x 17 cm.
500 _aIncluye anexos.
504 _aIncluye referencias bibliográficas: paginas 155-158.
650 1 6 _aPalma de aceite
_xUso sostenible
_zColombia
_vestandar
650 2 4 _aProceso productivo
650 2 4 _aImpacto ambiental
_zColombia
650 2 4 _aManejo nutricional
700 1 _aMartinez Cardenas, Myriam Carolina
_eAutora
700 1 _aOberlaender Rojas, Juana
_eAutora
700 1 _aSanin, Maria Clara
_eAutora
700 1 _aPeñaloza Torres, Leiber
_eAutor
700 1 _aOrtiz Bahamon, Javier Dario
_eAutor
700 _aLozano Luque, Monica
_eAutor
942 _2ddc
_cLIBRO
999 _c19178
_d19178